000 00337nam a22001457a 4500
003 OSt
008 210119b ||||| |||| 00| 0 eng d
082 _a004 SIC
100 _aSINHA, Pradeep Kumar
245 _aComputer Fundamentals
260 _aNew Delhi
_bBPB Publication
_c2009
300 _a457
650 _aBCA
942 _2ddc
_cBK
999 _c10381
_d10381